| 000 | 01000nam a22002297a 4500 | ||
|---|---|---|---|
| 003 | OSt | ||
| 005 | 20251001160546.0 | ||
| 008 | 240403b ||||| |||| 00| 0 eng d | ||
| 040 | _c0 | ||
| 082 | _aDPer 621.317 Ie21 October 2022 v. 37 n. 10 | ||
| 100 |
_aFang, Xiongfeng. _eauthor. _955779 |
||
| 245 |
_aAn auxiliary circuit enhancing DC fault clearing capability of hybrid MMCs with low proportion of FB-SMs / _cXiongfeng Fang, Gen Li, Canfeng Chen, Jian Xiong, and Kai Zhang. |
||
| 260 |
_aNew York ; _bThe Institute of Electrical and Electronics Engineers, Inc. , _cOctober 2022. |
||
| 300 |
_aVolume 37, pages 11491-11496 : _billustration ; _c28 cm. |
||
| 500 | _aIEEE Transactions on Power Electronics, v. 37, n. 10, pages 11491-11496, October 2022. | ||
| 700 |
_aFang, Xiongfeng. _eauthor. _955779 |
||
| 700 |
_aLi, Gen. _eauthor. _955780 |
||
| 700 |
_aChen, Canfeng. _eauthor. _955781 |
||
| 700 |
_aXiong, Jian. _eauthor. _955782 |
||
| 700 |
_aZhang, Kai. _eauthor. _955783 |
||
| 942 |
_2ddc _cPER |
||
| 999 |
_c19953 _d19953 |
||